000 00564nam a2200181Ia 4500
008 140609s9999 xx 000 0 und d
020 _a9780495119340
050 _aNC 730
_b.Sa163 2008
100 _aSale, Teel.
245 _aDrawing :
_ba contemporary approach /
_cTeel Sale, Claudia Betti
250 _a6th ed.
260 _aAustralia ; United States :
_bThomson/Wadsworth,
_cc2008.
300 _a318 p. :
_bcol. ill. ;
_c28 cm.
500 _aIncludes glossary, bibliographical references and index.
521 _aMA
942 _kFOR
_cBK
999 _c118180
_d118180